000 00360nam a22001577a 4500
003 MPLRDC
005 20220104125641.0
008 210129b ||||| |||| 00| 0 eng d
082 _a848.1 ZHS-5
100 _a张恨水著
245 _a秋江
_c
260 _a
_b香港广智书局
_c
300 _b
650 _a现代别集
942 _cBK
_o848.1 ZHS-5
999 _c29047
_d29037